000 00423nam a2200145Ia 4500
003 GCL
008 140319s9999 xx 000 0 eng d
040 _aGCL /
_cGCL
082 0 4 _a514.74
_bM E
100 1 _aMC GUIRE, MICHAEL
245 1 0 _aAN EYE FOR FRACTALS: A GRAPHICAL AND PHOTOGRAPHIC /
_cMC GUIRE, MICHAEL
260 _a[S.N] :
_bADDISON - WESLEY PUBLISHING COMPANY ،
_c1991
650 0 4 _aFRACTALS
942 _2ddc
_cBK
999 _c17231
_d17231